• 首页
  • 本馆介绍
  • 公告通知
  • 最新文献
  • 馆藏检索
  • 电子资源
  • 读者导购
  • 参考咨询
  • 我的图书馆
  • 登录
  • 详细信息显示
  • 放入我的书架
  • 预约/预借图书
  • 作者相关作品
  • 分类相关作品
  • 丛书相关作品
  • 出版社相关作品

书目信息

  • 表格格式
  • 工作单格式
  • 卡片格式
题名:
李翱
    
 
作者: 谭绍江 著
分册:  
出版信息: 西安   陕西师范大学出版总社  2017
页数: 154页
开本: 24cm
丛书名:
单 册:
中图分类: K825.6=424
科图分类:
主题词:
电子资源:
ISBN: 978-7-5613-8882-2
000 00816nam0 2200205 450
001 5931
005 20180530084345.17
010    @a978-7-5613-8882-2@dCNY20.00
100    @a20170619d2017 em y0chiy50 ea
101 0  @achi
102    @aCN@b610000
105    @ay z 000yb
200 1  @a李翱@9li ao@f谭绍江著
210    @a西安@c陕西师范大学出版总社@d2017
215    @a154页@d24cm
330    @a本书稿简要介绍李翱的生平,强调他在学术思想上是中唐“古文运动”的领袖之一。他大力提倡“文以载道”“文贵创意造言”“文应实用”等文学创作理论,为文重秉笔实录、敢为女性立传,开唐朝古文写作朴实一派风气之先。他所提出“性善情恶”说以及“灭情复性”思想对后世北宋理学的产生有巨大影响。
690    @aK825.6=424@v5
701  0 @a谭绍江@9tan shao jiang@f(1981-)@4著
801  0 @aCN@b91MARC@c20170619
905    @aMuseLib@dK825.6=424@e1116
    
    李翱/谭绍江著.-西安:陕西师范大学出版总社,2017
    154页;24cm
    
    
    ISBN 978-7-5613-8882-2:CNY20.00
    本书稿简要介绍李翱的生平,强调他在学术思想上是中唐“古文运动”的领袖之一。他大力提倡“文以载道”“文贵创意造言”“文应实用”等文学创作理论,为文重秉笔实录、敢为女性立传,开唐朝古文写作朴实一派风气之先。他所提出“性善情恶”说以及“灭情复性”思想对后世北宋理学的产生有巨大影响。
●
相关链接 在E读中查询图书 在五车中查询图书 在当当中查询图书 在豆瓣中查询图书


正题名:李翱     索取号:K825.6=424/1116         预约/预借

序号 登录号 条形码 馆藏地/架位号 状态 备注
1 1115540   211155408   第二样本阅览室/ [索取号:K825.6=424/1116] 在馆    
2 1115541   211155417   教育系资料室/ [索取号:K825.6=424/1116] 在馆    
唐山师范学院图书馆 欢迎您!
大连网信软件有限公司© 版权所有